| 000 | 00971nam a2200217 4500 | ||
|---|---|---|---|
| 005 | 20250411134823.0 | ||
| 008 | 250411b |||||||| |||| 00| 0 eng d | ||
| 020 | _a9781509541300 | ||
| 037 | _cTextual | ||
| 040 |
_aRTL _cRTL |
||
| 084 |
_aW:77 R1 _qRTL |
||
| 100 |
_aBhambra, Gurminder K. _9324486 |
||
| 245 | _aColonialism and Modern Social Theory | ||
| 260 |
_aUSA _bPolity _c2021 |
||
| 300 |
_ax, 257 p. _bIncludes bibliography, notes and index |
||
| 520 | _aModern society emerged in the context of European colonialism and empire. So, too, did a distinctively modern social theory, laying the basis for most social theorising ever since. Yet colonialism and empire are absent from the conceptual understandings of modern society, which are organised instead around ideas of nation state and capitalist economy. | ||
| 650 | _aSociology | ||
| 650 | _aSocial Sciences | ||
| 700 |
_aHolmwood, John _eCo-author _9132055 |
||
| 942 |
_2CC _n0 _cTB _hW:77 R1 |
||
| 999 |
_c1308870 _d1308870 |
||